Praktická realizace integrované výuky v profesním vzdělávání

Bibliographic Details
Main Authors: Zlámal, Jiří (Author), Seknička, Jiří (Author)
Format: Article
Language:Slovak
Czech

MARC

LEADER 00000nab a2200000 a 4500
001 vtls010711615
003 SK-MaSNL
005 20260304192206.0
008 250709s2006 xo |||||||||||||||||slo|
035 |a (urnnbn)urn:nbn:sk:snk:ar-a046qe 
035 |a (uuid)bed7c5f6-67b6-4e7e-b6ef-70baf21b1b0e 
035 |a urn:nbn:sk:snk-ab3eqg 
040 |a SNKBUCL  |b slo  |c SNKBUCL  |e AACR2 
041 0 |a cze 
044 |a xo  |c SK 
100 1 |a Zlámal, Jiří  |4 aut  |9 796541 
245 1 0 |a Praktická realizace integrované výuky v profesním vzdělávání  |c Jiří Zlámal, Jiří Seknička 
700 1 |a Seknička, Jiří  |4 aut  |9 13140 
773 0 |t Policajná teória a prax : časopis Akadémie Policajného zboru pre policajnú teóriu a prax  |g Roč. 14, č. 3 (2006), s. 89-99 
850 |a Slovenská národná knižnica 
852 |a Slovenská národná knižnica 
954 |a odborná, vedecká literatúra cudzojazyčná (svetová)  |2 lita 
958 |a article1 
958 |a OND 
958 |a EUIPO 
999 |c 3059939  |d 3061869